معجم الفيزيقا النووية والإلكترونيات

محفوظ في:

المؤلف الرئيسي: مجمع اللغة العربية (القاهرة).

مؤلفون آخرون: لجنة الفيزيقيا, مدكور، إبراهيم بيومي،, عبد الرحيم، محمود مختار (فيزيائي)،, حسني، فريدة.

التنسيق: كتاب

اللغة: Undetermined

منشور في: Al-Qāhirah : majmae allughat alearabia, 1974.

الموضوعات:

الوسوم: إضافة وسم

لا توجد وسوم, كن أول من يضع وسما على هذه التسجيلة!

رقم الطلب: QC772 .M34 1974 v.1

LEADER 00858nam a2200181Ia 4500
008 240329s9999||||xx |||||||||||||| ||und||
050 4 |a QC772 .M34 1974 v.1 
100 1 |a مجمع اللغة العربية (القاهرة). 
245 1 0 |a معجم الفيزيقا النووية والإلكترونيات  |c مجمع اللغة العربية (القاهرة) 
264 1 |a Al-Qāhirah :  |b majmae allughat alearabia,  |c 1974. 
300 |a 182  |c 24 
500 |a Arab Union Catalog 
500 |a Arabic 
650 |a الإلكترونيات معاجم متعددة اللغات 
650 |a الفيزياء النووية معاجم متعددة اللغات 
700 1 |a لجنة الفيزيقيا, مدكور، إبراهيم بيومي،, عبد الرحيم، محمود مختار (فيزيائي)،, حسني، فريدة. 
942 |2 lcc  |c BK 
999 |c 57872  |d 57872